Statistics for MLB Triple Crown Winners

Click here to take the quiz!

General Stats

  • This quiz has been taken 28 times
  • The average score is 9 of 12

Answer Stats

HintAnswer% Correct
1956 - YankeesMickey Mantle
100%
2012 - TigersMiguel Cabrera
100%
1947 - Red SoxTed Williams
100%
1942 - Red SoxTed Williams
100%
1967 - Red SoxCarl Yastrzemski
96%
1934 - YankeesLou Gehrig
88%
1966 - OriolesFrank Robinson
76%
1933 - A'sJimmie Foxx
72%
1925 - CardinalsRogers Hornsby
44%
1922 - CardinalsRogers Hornsby
44%
1937 - CardinalsJoe Medwick
40%
1933 - PhilliesChuck Klein
20%

Score Distribution

Percentile by Number Answered

Percent of People with Each Score

Your Score History

You have not taken this quiz